| 000 | 00930nam a2200241 a 4500 | ||
|---|---|---|---|
| 001 | 000024732 | ||
| 005 | 20200930023333.0 | ||
| 008 | 110203s1980 mx r 000 0 spa d | ||
| 020 | _a9682303273 | ||
| 040 |
_aDO-SdBNP _bspa _cBNPHU |
||
| 041 | 1 | 7 |
_aspa _hfre _2Código de idiomas MARC |
| 082 |
_ann* _bnn* |
||
| 100 | 1 |
_aPoulantzas, Nicos. _950741 |
|
| 240 | 1 | 0 |
_aPouvoir politique et classes sociales de l´etat capitaliste. _lEspañol |
| 245 | 1 | 0 |
_aPoder político y clases sociales en el estado capitalista / _cNicos Poulantzas ; traducción de Florentino M. Torner. |
| 250 | _a19a ed. | ||
| 260 |
_aMéxico, D. F. : _bSiglo Veintiuno, _c1980. |
||
| 300 |
_a471 p. ; _c18 cm. |
||
| 534 |
_aTítulo original : _tPouvoir politique et classes sociales de l´etat capitaliste |
||
| 500 | _aIncluye referencias bibliográficas y notas al pie de las páginas. | ||
| 700 | 1 |
_aTorner, Florentino M., _etr. _945232 |
|
| 049 | _aBNGR | ||
| 999 |
_c24225 _d24225 |
||